Click the Country - Middle East - Statistics

General Stats
  • This quiz has been taken 496 times
  • The average score is 12 of 18
Answer Stats
Hint Answer % Correct
Is home to the world's tallest building United Arab Emirates
92%
Was led by Saddam Hussein Iraq
84%
The northern half of this country is recognized as independent by Turkey Cyprus
77%
Joseph Stalin was born within this country's territory Georgia
77%
Yerevan is the capital Armenia
75%
Suffered a devastating port explosion in 2020 Lebanon
73%
Was invaded by Iraq in 1990 Kuwait
72%
Is the largest country with no permanent rivers Saudi Arabia
72%
Bashar Al-Assad was formerly the president Syria
70%
Is a member of NATO Turkey
70%
Has been in an ongoing civil war with Houthi forces since 2014 Yemen
65%
Was one of the first countries to elect a female prime minister Israel
60%
Has the highest GDP per capita in the Middle East Qatar
58%
Isfahan is among the country's largest cities Iran
57%
The country's sultan once moved to Zanzibar Oman
57%
Is controlled by the Hashemite royal family Jordan
54%
Has the highest population density in the Middle East Bahrain
45%
Its capital is below sea level Azerbaijan
35%
No matching quizzes found
Score Distribution
Percent of People with Each Score
Percentile by Number Answered
Your Score History
You have not taken this quiz